|
|
|
|
| LEADER |
00000nab a2200000 a 4500 |
| 001 |
vtls000316007 |
| 003 |
SK-MaSNL |
| 005 |
20260303213836.0 |
| 008 |
230223c1977 xo 0 slo |
| 015 |
|
|
|a SNBRB19rr/mm-uuuuu
|
| 035 |
|
|
|a CL0006099
|
| 035 |
|
|
|a urn:nbn:sk:snk-abf1ej
|
| 035 |
|
|
|a (urnnbn)urn:nbn:sk:snk:ar-00526q
|
| 035 |
|
|
|a (uuid)b2cdf32b-efe6-4f0b-a178-143a108486b5
|
| 040 |
|
|
|a SNKBUCL
|b slo
|c SNKBUCL
|e AACR2
|
| 041 |
0 |
|
|a slo
|
| 044 |
|
|
|a xo
|c SK
|
| 080 |
|
|
|a 82(091):885.4"18"
|2 1981
|
| 080 |
|
|
|a 885.4(091)"18"
|2 1981
|
| 100 |
1 |
|
|a Čepan, Oskár,
|d 1925-1992
|4 aut
|9 205365
|
| 245 |
1 |
0 |
|a Paradoxy Jonáša Záborského
|c Oskár Čepan
|
| 300 |
|
|
|b Obr.
|
| 504 |
|
|
|a Res. rus.
|
| 600 |
1 |
7 |
|a Záborský, Jonáš,
|d 1812-1876
|2 snkbucl
|9 104959
|
| 650 |
0 |
7 |
|a literatúra slovenská
|x dejiny
|y stor. 19.
|2 snkbucl
|9 1008142
|
| 650 |
0 |
7 |
|a literatúra slovenská
|x klasicizmus
|2 snkbucl
|9 1248163
|
| 650 |
0 |
7 |
|a literatúra slovenská
|x romantizmus
|2 snkbucl
|9 1239285
|
| 650 |
0 |
7 |
|a klasicizmus
|x literatúra slovenská
|2 snkbucl
|9 1180772
|
| 650 |
0 |
7 |
|a romantizmus
|x literatúra slovenská
|2 snkbucl
|9 991490
|
| 655 |
|
7 |
|a články z novín a časopisov
|2 snkbucl
|9 267496
|
| 655 |
|
7 |
|a články z odboru literárna veda a krásna literatúra
|2 snkbucl
|9 770045
|
| 773 |
0 |
|
|t Slovenská literatúra
|g Roč. 24, č. 5 (1977), s. 566-577
|
| 850 |
|
|
|a Slovenská národná knižnica v Martine
|a MTA001
|
| 852 |
|
|
|a SNK
|b KIS3GCP
|
| 954 |
|
|
|a odborná, vedecká literatúra pôvodná (slovenská)
|2 lita
|
| 958 |
|
|
|a RK
|
| 958 |
|
|
|a LX
|
| 958 |
|
|
|a OND
|
| 958 |
|
|
|a EUIPO
|
| 958 |
|
|
|a article27
|
| 992 |
|
|
|a RBX
|
| 999 |
|
|
|c 2214213
|d 2216143
|